| 000 | 00566nam a22001817a 4500 | ||
|---|---|---|---|
| 999 |
_c9370 _d9370 |
||
| 008 | 210408b ||||| |||| 00| 0 eng d | ||
| 040 | _aBMS College of Architecture | ||
| 100 | _aKoppar, N Sanjeev | ||
| 245 | _aSmart SEZ - Devanhalli Bengaluru | ||
| 300 | _a46p. | ||
| 500 | _a1BM14AHD07 | ||
| 502 |
_8M,Arch _NBMS College of Architecture, Visvesvaraya Technological University _aDissertation _d2016 |
||
| 650 | _aDevanhalli | ||
| 700 |
_aMamatha P Raj _eGuide |
||
| 700 |
_aRachana Suraj _eGuide |
||
| 700 |
_aSadashiv Chakravarthy _eGuide |
||
| 942 |
_2ddc _cPGTHE |
||